Folyamatjavítási és automatizációs lehetőségek vizsgálata a DHL Global Forwarding tengeri árképzési csoportjában

Bibliográfiai részletek
Szerző: Karsai Kármen Klaudia
További közreműködők: Horváth Dr. Annamária
Dokumentumtípus: Diplomadolgozat
Kulcsszavak:logisztika
folyamatjavítás
DHL
Online Access:http://dolgozattar.uni-bge.hu/13887

MARC

LEADER 00000nta a2200000 i 4500
001 dolg13887
005 20180222125934.0
008 171211suuuu hu om 000 hun d
040 |a BGE Dolgozattár Repozitórium  |b hun 
041 |a hu 
100 1 |a Karsai Kármen Klaudia 
245 1 0 |a Folyamatjavítási és automatizációs lehetőségek vizsgálata a DHL Global Forwarding tengeri árképzési csoportjában  |c Karsai Kármen Klaudia  |h [elektronikus dokumentum] 
695 |a logisztika 
695 |a folyamatjavítás 
695 |a DHL 
700 1 |a Horváth Dr. Annamária  |e ths 
856 4 0 |u http://dolgozattar.uni-bge.hu/13887/1/Folyamatjav%C3%ADt%C3%A1si%20%C3%A9s%20automatiz%C3%A1ci%C3%B3s%20lehet%C5%91s%C3%A9gek%20vizsg%C3%A1lata%20a%20DHL%20Global%20Forwarding%20tengeri%20%C3%A1rk%C3%A9pz%C3%A9si%20csoportj%C3%A1ban.pdf  |z Dokumentum-elérés 
856 4 0 |u http://dolgozattar.uni-bge.hu/13887/7/Karsai%20K%C3%A1rmen%20Klaudia.pdf  |z Dokumentum-elérés